| 000 | 00687nam a2200205Ia 4500 | ||
|---|---|---|---|
| 003 | OSt | ||
| 005 | 20210511092116.0 | ||
| 008 | 210310s1986 eu fri 000 0 spa d | ||
| 020 | _a1557752915 | ||
| 040 |
_aCO-JMCR _cCO-JMCR |
||
| 041 | 0 | _aspa | |
| 082 | 0 | 4 |
_a336.0072 / _bF673m1 _223 |
| 110 | 2 |
_aFondo Monetario Internacional _937119 |
|
| 245 | 1 | 0 |
_aManual de estadísticas de las finanzas públicas : _bíndice / _cFondo Monetario Internacional |
| 260 |
_aWashington : _bFondo Monetario Internacional, _c1986 |
||
| 300 |
_a56 páginas ; _c28 cm. |
||
| 505 | 0 | _aíndice analítico | |
| 650 | 1 | 4 |
_aFinanzas públicas _915297 _vGuías, manuales, etc. _xEstadísticas |
| 942 |
_2ddc _cBK |
||
| 999 |
_c7733 _d7733 |
||